000
00299nam a2200109 4500
999
_c
9756
_d
9756
008
180716b ||||| |||| 00| 0 eng d
245
_a
Difficulties in tax compliance.
260
_a
Philippines
_b
Philippine Daily Inquirer
_c
c2016
300
_a
page B4.
650
0
_9
28943
_a
Taxation.
942
_2
ddc
_c
PER